Spanish vocabulary. A words - Statistics

General Stats
  • This quiz has been taken 32 times
  • The average score is 6 of 11
Answer Stats
Hint Answer % Correct
a colour like that of a lemon Amarillo
96%
the mother of a person's father or mother Abuela
93%
a clear liquid, without colour or taste Agua
89%
a tall plant that has a wooden trunk and branches that grow from its upper part Arbol
78%
a vehicle designed for air travel, with wings and one or more engines Avion
70%
a small animal whose body is covered in hard strips that allow it to roll into a ball when attacked Armadillo
52%
a person who has been trained for travelling in space Astronauta
41%
the flat part of the body that a bird uses for flying Ala
30%
a path with a hard surface on one or both sides of a road, that people walk on Acera
26%
a large, strong bird with a curved beak that eats meat and can see very well Aguila
22%
The frog´s leg Anca
7%
No matching quizzes found
Score Distribution
Percent of People with Each Score
Percentile by Number Answered
Your Score History
You have not taken this quiz